Un aspecto desconocido de Tamayo y Baus : su obra lírica /
La presente obra recoge la poesía lírica de Tamayo y Baus, toda ella inédita y no publicada en las ediciones de sus Obras completas aparecidas hasta ese momento (1968). La edición está basada en los originales autógrafos, resguardados en el Archivo de la Real Academia Española, procedentes del legad...
Uloženo v:
| Hlavní autor: | |
|---|---|
| Další autoři: | |
| Médium: | Kniha |
| Jazyk: | španělština |
| Vydáno: |
Castellón de la Plana, España :
Sociedad Castellonense de Cultura,
1968, c1968
|
| Edice: | (Letras Castellanas ;
13) |
| Témata: | |
| Tagy: |
Žádné tagy, Buďte první, kdo vytvoří štítek k tomuto záznamu!
|
MARC
| LEADER | 00000nam^a2200000^a^4500 | ||
|---|---|---|---|
| 001 | 000156911 | ||
| 005 | 20250521000000.0 | ||
| 009 | 20260310100521.653 | ||
| 037 | |a Acervo ITESO - Biblioteca | ||
| 041 | |a ESP | ||
| 082 | |a 861. |b TAM | ||
| 100 | |a Tamayo y Baus, Manuel |e (autor) | ||
| 245 | 1 | 3 | |a Un aspecto desconocido de Tamayo y Baus : |b su obra lírica / |c M. Tamayo y Baus ; ed. de R. Esquer Torres. |
| 264 | 4 | |a Castellón de la Plana, España : |b Sociedad Castellonense de Cultura, |c 1968, c1968 | |
| 300 | |a 79 p. | ||
| 336 | |a texto |b txt |2 rdacontenido | ||
| 337 | |a sin mediación |b n |2 rdamedio | ||
| 338 | |a volumen |b nc |2 rdasoporte | ||
| 440 | 1 | |a (Letras Castellanas ; |v 13) | |
| 520 | |a La presente obra recoge la poesía lírica de Tamayo y Baus, toda ella inédita y no publicada en las ediciones de sus Obras completas aparecidas hasta ese momento (1968). La edición está basada en los originales autógrafos, resguardados en el Archivo de la Real Academia Española, procedentes del legado que Amalia Máyquez, la viuda del autor, hiciera a dicha institución. | ||
| 545 | 0 | |a Manuel Tamayo y Baus (Madrid, 1829-1898), dramaturgo español. Hijo de los intérpretes José Tamayo y Joaquina Baus, inició su trayectoria con adaptaciones de obras teatrales extranjeras, en especial del alemán Friedrich Schiller, como Juana de Arco (1847) y Angela (1852). Sus primeras creaciones originales se encuadran en los gustos románticos: Virginia (1853), La ricahembra (1854) y el famoso drama histórico La locura de amor (1855), acerca de la figura de Juana la Loca. El autor madrileño intentó crear después un teatro supeditado a tesis moralistas y con una intención realista, categoría en la que recaen La bola de nieve (1856), Lo positivo (1859), Lances de honor (1863) y Un drama nuevo (1867), esta última una propuesta de teatro dentro del teatro en torno a una compañía de actores que representan Otelo, que es considerada su mejor obra. El fracaso de Los hombres de bien (1870), considerado un ataque al filósofo e historiador francés Joseph Ernest Renan, apartó del teatro al dramaturgo madrileño. Miembro de la Real Academia Española desde 1859, fue nombrado secretario perpetuo de la misma (1874) y director de la Biblioteca Nacional de España (1884). El director Juan de Orduña trasladó al cine Un drama nuevo (1946) y La locura de amor (1948), que ha sido también objeto de adaptación fílmica por los cineastas Ricardo de Baños y Alberto Marro (1909) y Vicente Aranda (2001). | |
| 649 | |a XX | ||
| 650 | |a Escritores Españoles | ||
| 650 | |a Poesía Española | ||
| 650 | |a Poesía Española - |x Historia y Crítica | ||
| 650 | |a Literatura Española - |y Siglo XIX | ||
| 650 | |a Literatura Española - |x Historia y Crítica | ||
| 650 | |a Tamayo y Baus, Manuel | ||
| 700 | |a Esquer Torres, Ramón |e (edición) | ||
| 910 | |a Fondo Salvador Reynoso Reynoso | ||
| 920 | |a Impresos - Libros | ||
| 930 | |a Fondos Especiales | ||
| 940 | |a Literatura | ||
| 905 | |a 112 | ||
| 901 | |a 0800007491 |b IT2 |c ESP |u 20250521 | ||
| 902 | |a https://opac.biblio.iteso.mx/vufind/Record/000156911 | ||